000 00310nam a2200121 a 4500
008 100920s1985|||| d
100 1 _aEdigey, Jerzy
245 1 0 _aPenzión na pobrežnej ceste
_bVraždy podľa abecedy
260 _bPravda
_aBratislava
_c1985
020 _c32
044 _axo
_cSK
041 _aslo
999 _c10492
_d10492